Responses for Show #5997 - Tuesday, October 12, 2010

Contestants

[<< previous game]

Tim Campos, an architect from New Orleans, Louisiana

Suzanne Rorick, a stay-at-home mom from Stevenson Ranch, California

Carol Denny, a writer for a non-profit environmental foundation from Arnold, Maryland (whose 1-day cash winnings total $13,199)

[next game >>]

Jeopardy! Round responses

GOODBYE, COLUMBUS
ALIASES
"DOLLAR"S & "CENT"S
VWLLSS NTNS
(Alex: VOWELLESS NATIONS.)
HOME SWEET HOME
ALSO A BODY PART
    $200 11
Jamaica

Suzanne
    $200 6
The Hulk

Suzanne
    $200 26
your bottom dollar

Suzanne
    $200 16
Fiji

Suzanne
    $200 21
Graceland

Suzanne
    $200 1
eye

Suzanne
    $400 12
(Carol: What is...)
(Alex: Oh, come on.)
(Carol: Uh...)
(Alex: Oh, too much--)
(Carol: Uh, [*].)
(Alex: No, too much time.)

1506

CarolSuzanne
    $400 7
Washington Irving

Tim
    $400 27
A Fistful of Dollars

Tim
    $400 17
Iceland

Suzanne
    $400 22
Rachel Carson

Carol
    $400 2
head

Carol
    $600 13
the Santa Maria

Suzanne
    $600 8
Billie Holiday

Tim
    $600 28
adjacent

Tim
    $600 18
Cape Verde

Tim
    $600 23
(Tim: Who was Harper Lee?)

Helen Keller

Tim
Triple Stumper
    $600 3
foot

Suzanne
    $800 14
Genoa

Tim
    $1,000 9
(Tim: Who was Buffalo Bill?)

The Sundance Kid

Tim
    $800 29
dollar diplomacy

Suzanne
    $800 19
Ethiopia

Suzanne
    $800 24
Mar-a-Lago

Tim
    $800 4
joint

Carol
    $1000 15
Panama

Tim
    $1000 10
(Carol: Who was The Scarlet Pumpernil?)
[Originally accepted; later reversed]

The Scarlet Pimpernel

Carol
Triple Stumper
    $1000 30
Centauri

Tim
    $1000 20
Ecuador

Suzanne
    $1000 25
Van Buren

Suzanne
    $1000 5
jaw (or chin)

Suzanne

Scores at the first commercial break (after clue 15):

Carol Suzanne Tim
-$200 $3,200 $1,800

Scores at the end of the Jeopardy! Round:

Carol Suzanne Tim
$200 $7,800 $4,600

Double Jeopardy! Round responses

FLAGS & ANTHEMS
BEFORE & AFTER AT THE MOVIES
DIVAS
SPANISH TO ENGLISH
PRINCESS
DIARIES
    $400 2
Japan

Suzanne
    $400 7
(Suzanne: What is Mountain King Kong?)

The Lion King Kong

CarolSuzanne
    $400 1
La Scala

Tim
    $400 18
baker (breadmaker acceptable)

Suzanne
    $400 9
Tolkien

Suzanne
    $400 17
Harry Truman

Tim
    $800 3
the United Nations

Suzanne
    $800 8
Stuart Little Shop of Horrors

Triple Stumper
    $800 23
Maria Callas

Suzanne
    $800 19
"there is no time like the present"

Tim
    $800 10
(Princess) Leia

Tim
    $800 26
Lindbergh

Suzanne
    $1200 4
Qatar

Suzanne
    $1200 11
(Tim: What is The King and I Am Legion?)

The King and I Am Legend

SuzanneTim
    $1200 24
(Alex: Minute to go.)

(Nellie) Melba

Suzanne
    $1200 20
a hammer

Tim
    $1200 14
The Princess Bride

Tim
    $1200 27
[The end-of-round signal sounds.]

(Samuel) Pepys

Suzanne
    $1600 5
Brazil

Triple Stumper
    $1600 12
Funny Lady Sings the Blues

Triple Stumper
    $2,000 25
(Suzanne: [No response])

Beverly Sills

Suzanne
    $1600 21
(Carol: What is a banana?)

an apple

CarolTim
    $1600 15
Gilbert & Sullivan

Suzanne
    $2000 6
Serbia

Tim
    $2000 13
Runaway Bride of Chucky

Suzanne
    $2000 22
(Tim: What is junk?)
[Tim's response was initially ruled incorrect but was later deemed acceptable]

spam

Tim
    $3,000 16
Tiger Lily

Suzanne

Scores at the end of the Double Jeopardy! Round:

Carol Suzanne Tim
-$1,000 $20,400 $13,800

[wagering suggestions for these scores]

Final Jeopardy! Round responses

SHAKESPEARE
TimWho are Laertes and P
$13,800
SuzanneWho is Cordelia & Edger
$7,500
Cordelia and the Fool

Final scores:

Carol Suzanne Tim
-$1,000 $12,900 $0
3rd place: $1,000 New champion: $12,900 2nd place: $2,000

Game dynamics:

Coryat scores:

Carol Suzanne Tim
-$1,000 $21,400 $14,800
4 R,
3 W
28 R
(including 1 DD),
2 W
(including 1 DD)
18 R,
3 W
(including 1 DD)

Combined Coryat: $35,200

[game clues] [game scores] [suggest correction]

Game tape date: 2010-08-09
The J! Archive is created by fans, for fans. Scraping, republication, monetization, and malicious use prohibited; this site may use cookies and collect identifying information. See terms. The Jeopardy! game show and all elements thereof, including but not limited to copyright and trademark thereto, are the property of Jeopardy Productions, Inc. and are protected under law. This website is not affiliated with, sponsored by, or operated by Jeopardy Productions, Inc. Join the discussion at JBoard.tv.